Bases para la gestión del sistema presupuestal territorial (Registro nro. 78286)
[ vista simple ]
| 000 -ENCABEZADO | |
|---|---|
| Número de control [NR] | 00939nam a2200229Ia 4500 |
| 005 - FECHA Y HORA DE LA ÚLTIMA TRANSACCIÓN | |
| control field | 20140903174345.0 |
| 008 - DE LONGITUD FIJA DE DATOS DE ELEMENTOS - INFORMACIÓN GENERAL | |
| Elementos de longitud fija [NR] | 130821s2012 ck ad gr spa |
| 020 ## - NUMERO INTERNACIONAL NORMALIZADO PARA LIBROS [R] | |
| Número Internacional Normalizado del libro [NR] | 9789588340562 |
| 020 ## - NUMERO INTERNACIONAL NORMALIZADO PARA LIBROS [R] | |
| Número Internacional Normalizado del libro [NR] | 9789588340746 (2012) |
| 040 ## - FUENTE DE CATALOGACION [NR] | |
| Agencia de catalogación original [NR] | CO-BoUCM |
| Idioma de catalogación [NR] | spa |
| Quien Cataloga | Jose A. Gerena (modificó) |
| Quien Clasifica | [Nuevo] |
| 041 00 - CODIGO DE IDIOMA [R] | |
| Código de idioma para texto/pista de sonido o título separado [R] | Español |
| 110 1# - ASIENTO PRINCIPAL--NOMBRE CORPORATIVO [NR] | |
| Nombre corporativo o de jurisdicción como elemento de entrada [NR] | Colombia |
| Unidad subordinada [R] | Departamento Nacional de Planeación |
| -- | Unidad de Desarrollo Territorial |
| ID de autoridad | 60564 |
| 245 10 - MENCION DE TITULO [NR] | |
| Título [NR] | Bases para la gestión del sistema presupuestal territorial |
| Mención de responsabilidad, etc. [NR] | Departamento Nacional de Planeación |
| 260 ## - PUBLICACION, DISTRIBUCION, ETC. (PIE DE IMPRENTA) [R] | |
| Lugar de publicación, distribución, etc. [R] | Bogotá (Colombia) |
| Nombre del editor, distribuidor, etc. [R] | Departamento Nacional de Planeación |
| Fecha de publicación, distribución, etc. [R] | 2012 |
| 300 ## - DESCRIPCION FISICA [R] | |
| Extensión [R] | volumenes |
| Otros detalles físicos [NR] | ilustraciones, cuadros, gráficas |
| 650 #7 - ASIENTO SECUNDARIO DE MATERIA - TERMINO TEMATICO [R] | |
| Término temático o nombre geográfico como elemento de entrada [NR] | Administración pública |
| 9 (RLIN) | 26446 |
| 650 #7 - ASIENTO SECUNDARIO DE MATERIA - TERMINO TEMATICO [R] | |
| Término temático o nombre geográfico como elemento de entrada [NR] | Hacienda pública |
| Subdivisión geográfica [R] | Colombia |
| 9 (RLIN) | 16682 |
| 650 #7 - ASIENTO SECUNDARIO DE MATERIA - TERMINO TEMATICO [R] | |
| Término temático o nombre geográfico como elemento de entrada [NR] | Presupuesto |
| Subdivisión geográfica [R] | Colombia |
| 9 (RLIN) | 22261 |
| 690 ## - ASUNTO AGREGADO LOCAL DE ENTRADA - TÉRMINO TEMÁTICO (OCLC, RLIN) | |
| 9 (RLIN) | 42738 |
| Acceso temático local | Administración pública |
| 942 ## - ELEMENTOS DE ENTRADA AGREGADOS (KOHA) | |
| Tipo de ítem principal el descrito en 300a | Libro |
| Tema principal | Economía |
| Edición | 1 |
| Parte restante de la signatura top. | C718b |
| Sistema de clasificación | DEWEY |
| Clasificación | 351.722 |
| Fecha de último préstamo | Total préstamos | Signatura topográfica | Código de barras | Última vez visto | Volúmen / Fascículo | Ejemplar | Price effective from | Tipo de ítem | Perdido | Sistema de clasificación | Dañado | No prestable | Tipo de ítem específico | Suprimido | Ubicación habitual | Ubicación actual | Localización | Fecha de creación | Forma de adquisición | Costo | Costo de reposición | Proveedor |
|---|---|---|---|---|---|---|---|---|---|---|---|---|---|---|---|---|---|---|---|---|---|---|
| 26/03/2012 | 2 | 351.722 C718b | 100115695 | 09/12/2025 | 2010 | Ej.1 | 03/02/2013 | Libro | DEWEY | Libro | Claustro | Claustro | 2do piso | 19/02/2013 | Donación | 26000.00 | ||||||
| 351.722 C718b | 100142226 | 09/12/2025 | 2012 | Ej.4 | 30/04/2014 | Libro | DEWEY | Libro | Claustro | Claustro | 2do piso | 30/04/2014 | Donación | 0.00 | 26000.00 | 12 |